000 01035cab a2200193 4500
001 ##L132705
008 060301n2006 000 0 eng u
035 _a(Sirsi) u132705
041 0 _aeng
110 1 _aGreat Britain
_bHealth and Safety Executive
245 0 0 _aNew advice for employers on involving workers in health and safety management
260 _c2006
490 0 _a(Health and Safety Executive Press Release
_vE22:06 28 February 2006)
520 _aThe Health and Safety Executive (HSE) has launched a package of new tools and resources designed to help employers involve their workforces in health and safety management. The package includes a number of case studies illustrating the range of organisations that have successfully involved workers in the management of health and safety issues.
590 _aIKA140306
690 _aMANAGEMENT-HEALTH AND SAFETY-HEALTH AND SAFETY RISK MANAGEMENT
856 4 1 _uhttps://www.hse.gov.uk/press/2006/e06022.htm
_zView the item free of charge at www.hse.gov.uk
942 _n0
999 _c76573
_d76573